| 000 | 00768nam a2200229 i 4500 | ||
|---|---|---|---|
| 001 | 77736 | ||
| 003 | ES-MaACL | ||
| 005 | 20250823085846.0 | ||
| 007 | t| | ||
| 008 | 041105s2004 pr |||| | spa d | ||
| 020 | _a0-8477-0157-3 | ||
| 080 | _a821.134.2(729.5)-4"19"(082.2) | ||
| 245 | 0 | 3 |
_aEl tramo ancla _b: ensayos puertorriqueños de hoy / _cAna Lydia Vega ... [et al.]. |
| 250 | _a2ª reimpr. | ||
| 260 |
_aSan Juan de Puerto Rico : _bUniversidad de Puerto Rico, _c2004. |
||
| 300 |
_a305 p. ; _c20 cm. |
||
| 650 | 1 | 4 |
_aEnsayos puertorriqueños- _yS.XX. _912278 |
| 700 | 1 |
_aVega, Ana Lydia. _9113534 |
|
| 710 | 2 |
_aUniversidad de Puerto Rico _97273 |
|
| 852 |
_aES-MaACL _jE-10259 _z. - Donativo Ateneo Puertorriqueño |
||
| 999 |
_c77736 _d77736 |
||